Peranan pusat sumber bagi pendidikan kesihatan di Malaysia /
Saved in:
| Main Author: | |
|---|---|
| Format: | Thesis Book |
| Language: | English |
| Published: |
Kuala Lumpur,
1985.
|
| Subjects: | |
| Tags: |
Add Tag
No Tags, Be the first to tag this record!
|
| LEADER | 01188cam a2200289 a 4500 | ||
|---|---|---|---|
| 001 | u331402 | ||
| 003 | SIRSI | ||
| 008 | 920324s1985 my t 00 1 eng m | ||
| 035 | |a ABP-5066 | ||
| 040 | |a UMM | ||
| 043 | |a a-my--- | ||
| 090 | |a LB1028.8 |b Nori | ||
| 091 | |a Microfiche 13720. | ||
| 100 | 0 | 0 | |a Norjannah Haji Ismail. |
| 245 | 1 | 0 | |a Peranan pusat sumber bagi pendidikan kesihatan di Malaysia / |c oleh Norjannah bt. Hj. Ismail. |
| 260 | |a Kuala Lumpur, |c 1985. | ||
| 300 | |a xi, 205 leaves ; |c 29cm. | ||
| 500 | |a Microfiche. Kuala Lumpur : University of Malaya Library, 1998. 3 fiches : negative ; 11 x 15 cm. | ||
| 502 | |a Dissertation (M.Ed.) -- Fakulti Pendidikan, Universiti Malaya, 1989. | ||
| 504 | |a Bibliography: leaves 135-139. | ||
| 650 | 0 | |a Instructional materials centers |z Malaysia. | |
| 650 | 0 | |a Health education |z Malaysia. | |
| 710 | 2 | 0 | |a Universiti Malaya. |b Fakulti Pendidikan. |
| 948 | |a 24/08/1993 |b 25/11/2000 | ||
| 596 | |a 1 8 | ||
| 999 | |a LB1028.8 NORI |w LC |c 1 |i A504457814 |d 11/2/1998 |l STACKS |m P01UTAMA |n 9 |r Y |s Y |t TESIS |u 24/8/1993 | ||
| 999 | |a LB1028.8 NORI |w LC |c 1 |i A506698613 |l MISSING |m P08PENDIDI |r Y |s Y |t TESIS |u 4/10/1997 |o .CIRCNOTE. Update missing check not in Stack 2015 | ||
